Library of the University of Algiers 3
Ibrahim Sultan Cheibout
شعار جامعة الجزائر 3
مكتبة جامعة الجزائر 3
إبراهيم سلطان شيبوط

المؤسسات المالية : (رقم التسجيلة. 46035)

تفاصيل مارك
000 -LEADER
fixed length control field 01829nam a2200241Ia 4500
003 - CONTROL NUMBER IDENTIFIER
control field Ost
005 - DATE AND TIME OF LATEST TRANSACTION
control field 20260507075731.0
008 - FIXED-LENGTH DATA ELEMENTS--GENERAL INFORMATION
fixed length control field 260507s9999||||xx |||||||||||||| ||und||
040 ## - CATALOGING SOURCE
Transcribing agency fsecg
041 ## - LANGUAGE CODE
Language code of text/sound track or separate title ara
082 ## - DEWEY DECIMAL CLASSIFICATION NUMBER
Classification number 332.642
100 ## - MAIN ENTRY--PERSONAL NAME
Personal name الحناوي، محمد صالح
Relator term مؤلف
245 #0 - TITLE STATEMENT
Title المؤسسات المالية :
Remainder of title البورصة والبنوك التجارية /
Statement of responsibility, etc. محمد صالح الحناوي
260 ## - PUBLICATION, DISTRIBUTION, ETC.
Place of publication, distribution, etc. الاسكندريه:
Name of publisher, distributor, etc. الدار الجامعيه,
Date of publication, distribution, etc. 2000
300 ## - PHYSICAL DESCRIPTION
Extent 427 صفحة؛
Dimensions 24 سم
504 ## - BIBLIOGRAPHY, ETC. NOTE
Bibliography, etc. note بيبليوغرافيا ص.419
520 ## - SUMMARY, ETC.
Summary, etc. يحتوي الكتاب على المحاور التالية:أسواق المال و الأوراق الماليةفي الدول المتقدمة،تحديد أسعار الأوراق الماليةفي البورصة،سوق الأوراق المالية في مصر أسواق الاصدار والتداول ،الشركات العاملة في مجال الأوراق المالية في مصر، قضايا معاصرة في البورصة المصرية ، المؤسسات المالية ، البنوك التجارية ، ادارة الاصول في البنوك التجارية ادارة نقدية ، ادارة الاستثمارات في الاوراق المالية ، ادرة الاستثمارات في القروض ، ادراة الخصوم في البنوك التجارية ، ادارة رأس المال ، تقييم اداء البنوك التجارية ، البنوك الاسلامية ، ادلارة الخصوم في البنوك الاسلامية .
653 ## - INDEX TERM--UNCONTROLLED
Uncontrolled term الاسواق الماليه
653 ## - INDEX TERM--UNCONTROLLED
Uncontrolled term الاوراق الماليه
653 ## - INDEX TERM--UNCONTROLLED
Uncontrolled term البورصات
700 ## - ADDED ENTRY--PERSONAL NAME
Personal name عبدالسلام، السيده عبدالفتاح
Relator term مؤلف ثانوي
942 ## - ADDED ENTRY ELEMENTS (KOHA)
Koha item type كتب
المقتنيات
Withdrawn status Lost status Source of classification or shelving scheme Damaged status Not for loan Home library Current library Date acquired Serial enumeration / chronology Inventory number Total checkouts Full call number Barcode Date last seen Price effective from Koha item type
    Library of Congress Classification   NOT LOAN / إعارة داخلية مكتبة كلية العلوم الإقتصادية والعلوم التجارية وعلوم التسيير مكتبة كلية العلوم الإقتصادية والعلوم التجارية وعلوم التسيير 07/05/2026 الطابق الأرضي 1180/1   أ/1180ن1 1180/1 07/05/2026 07/05/2026 كتب
    Dewey Decimal Classification   Available مكتبة كلية العلوم الإقتصادية والعلوم التجارية وعلوم التسيير مكتبة كلية العلوم الإقتصادية والعلوم التجارية وعلوم التسيير 07/05/2026 الطابق الأرضي 1180/2   أ/1180ن2 1180/2 07/05/2026 07/05/2026 كتب
    Dewey Decimal Classification   Available مكتبة كلية العلوم الإقتصادية والعلوم التجارية وعلوم التسيير مكتبة كلية العلوم الإقتصادية والعلوم التجارية وعلوم التسيير 07/05/2026 الطابق الثاني 1180/3   أ/1180ن3 1180/3 07/05/2026 07/05/2026 كتب

موارد الويب المفتوحة


© University of Algiers 3 All Rights Reserved
|
Implemented by LECHELAH Riad